Alokácia dlhových zdrojov v prostredí nízkych úrokových sadzieb dizertačná práca

Gespeichert in:
Bibliographische Detailangaben
1. Verfasser: Polečová, Petra
Körperschaft: Fakulta podnikového manažmentu EU. Katedra podnikových financií
Weitere Verfasser: Polednáková, Anna, 1957-
Format: Buch
Sprache:Slowakisch
Veröffentlicht: Bratislava 2021
Schlagworte:
Tags: Tag hinzufügen
Keine Tags, Fügen Sie das erste Tag hinzu!

MARC

LEADER 00000nbm a2200000 4500
001 0278193
005 20230302101801.1
041 0 |a slo 
044 |a SK 
245 1 0 |a Alokácia dlhových zdrojov v prostredí nízkych úrokových sadzieb  |b dizertačná práca  |c Petra Polečová ; školiteľ: Anna Polednáková 
264 1 |a Bratislava  |c 2021 
300 |a 151 s. 
610 2 0 |a financovanie podnikov 
610 2 0 |a úver bankový 
610 2 0 |a obligácie 
610 2 0 |a sadzby úrokové 
610 2 0 |a zadlženosť 
610 2 0 |a aktíva 
610 2 0 |a alokácia 
610 2 0 |a priemysel automobilový 
610 2 0 |a priemysel elektrotechnický 
610 2 0 |a priemysel informačný 
100 1 |a Polečová, Petra 
700 1 |a Polednáková, Anna, 1957- 
710 2 |a Fakulta podnikového manažmentu EU. Katedra podnikových financií